Timechart history of America / (Record no. 4284)
[ view plain ]
| 000 -LEADER | |
|---|---|
| fixed length control field | 00823nam a2200229 ar4500 |
| 001 - CONTROL NUMBER | |
| control field | 4286 |
| 005 - DATE AND TIME OF LATEST TRANSACTION | |
| control field | 20221127090914.0 |
| 008 - FIXED-LENGTH DATA ELEMENTS--GENERAL INFORMATION | |
| fixed length control field | 150729s xxua 00010 eng d |
| 020 ## - INTERNATIONAL STANDARD BOOK NUMBER | |
| International Standard Book Number | 9780785821359(hbk) |
| 082 04 - DEWEY DECIMAL CLASSIFICATION NUMBER | |
| Classification number | 973.00202 |
| Item number | T482 2006 |
| 245 00 - TITLE STATEMENT | |
| Title | Timechart history of America / |
| Statement of responsibility, etc. | designed and edited by Dag Publications Ltd. |
| 246 0# - VARYING FORM OF TITLE | |
| Title proper/short title | History of America. |
| 260 ## - PUBLICATION, DISTRIBUTION, ETC. | |
| Place of publication, distribution, etc. | Edison, NJ : |
| Name of publisher, distributor, etc. | Chartwell, |
| Date of publication, distribution, etc. | 2006. |
| 300 ## - PHYSICAL DESCRIPTION | |
| Extent | [30], 31 p. : |
| Other physical details | ill.(chiefly col.), maps, ports ; |
| Dimensions | 35 cm. |
| 500 ## - GENERAL NOTE | |
| General note | Fold-out chart(30) p. at front of book. |
| 500 ## - GENERAL NOTE | |
| General note | Originally published: London : Worth, 2003. |
| 504 ## - BIBLIOGRAPHY, ETC. NOTE | |
| Bibliography, etc. note | Includes bibl. references. |
| 651 #4 - SUBJECT ADDED ENTRY--GEOGRAPHIC NAME | |
| Geographic name | United Stated |
| General subdivision | History. |
| 651 #4 - SUBJECT ADDED ENTRY--GEOGRAPHIC NAME | |
| Geographic name | United Stated |
| General subdivision | History. |
| -- | Chronology. |
| 651 #4 - SUBJECT ADDED ENTRY--GEOGRAPHIC NAME | |
| Geographic name | United Stated |
| General subdivision | History. |
| Form subdivision | Pictorial works. |
| 710 2# - ADDED ENTRY--CORPORATE NAME | |
| Corporate name or jurisdiction name as entry element | Dag Publications, Ltd. |
| Withdrawn status | Lost status | Source of classification or shelving scheme | Damaged status | Not for loan | Home library | Current library | Date acquired | Total Checkouts | Full call number | Barcode | Date last seen | Copy number | Price effective from | Koha item type |
|---|---|---|---|---|---|---|---|---|---|---|---|---|---|---|
| 11/27/2022 | 973.00202 T482 2006 | 10000000013767 | 11/27/2022 | C1 | 11/27/2022 | Reference |
